|
|
|
|
| LEADER |
00000nab a2200000 a 4500 |
| 001 |
vtls000055470 |
| 003 |
SK-MaSNL |
| 005 |
20260303030353.0 |
| 008 |
111103c1980 xo 0 slo |
| 015 |
|
|
|a SNBRB19rr/mm-uuuuu
|
| 035 |
|
|
|a CL0065567
|
| 040 |
|
|
|a SNKBUCL
|b slo
|c SNKBUCL
|e AACR2
|
| 041 |
0 |
|
|a slo
|
| 044 |
|
|
|a xo
|c SK
|
| 080 |
|
|
|a 82:028:885.4
|2 1981
|
| 080 |
|
|
|a 028
|2 1981
|
| 080 |
|
|
|a 885.4:028
|2 1981
|
| 100 |
1 |
|
|a Valo, Peter
|4 aut
|9 320277
|
| 245 |
1 |
0 |
|a Román v ľuďoch
|c Peter Valo
|
| 600 |
1 |
7 |
|a Ballek, Ladislav,
|d 1941-2014
|t Agáty
|2 snkbucl
|9 119827
|
| 651 |
|
7 |
|a 5205
|2 snkbucl
|9 276526
|
| 655 |
|
7 |
|a články z novín a časopisov
|2 snkbucl
|9 267496
|
| 655 |
|
7 |
|a články z odboru literárna veda a krásna literatúra
|2 snkbucl
|9 770045
|
| 773 |
0 |
|
|t Pravda
|g Roč. 60, č. 303 (23. 12. 1980), s. 5
|
| 850 |
|
|
|a Slovenská národná knižnica v Martine
|a MTA001
|
| 852 |
|
|
|a SNK
|b KIS3GCP
|
| 958 |
|
|
|a RK
|
| 958 |
|
|
|a LX
|
| 992 |
|
|
|a RBX
|
| 999 |
|
|
|c 1651981
|d 1653911
|